<?xml version="1.0" encoding="UTF-8"?>
<record
    xmlns:xsi="http://www.w3.org/2001/XMLSchema-instance"
    xsi:schemaLocation="http://www.loc.gov/MARC21/slim http://www.loc.gov/standards/marcxml/schema/MARC21slim.xsd"
    xmlns="http://www.loc.gov/MARC21/slim">

  <leader>00982cam5a220027700 4500</leader>
  <controlfield tag="001">lce01140899</controlfield>
  <controlfield tag="008">791018s1973    bs ab    b   f000 0 eng  </controlfield>
  <datafield tag="010" ind1=" " ind2=" ">
    <subfield code="a">   79316467</subfield>
  </datafield>
  <datafield tag="020" ind1=" " ind2=" ">
    <subfield code="c">R2.00</subfield>
  </datafield>
  <datafield tag="035" ind1=" " ind2=" ">
    <subfield code="a">(Sirsi) r75987</subfield>
  </datafield>
  <datafield tag="035" ind1=" " ind2=" ">
    <subfield code="a">(DLC)   79316467</subfield>
  </datafield>
  <datafield tag="035" ind1=" " ind2=" ">
    <subfield code="a">(UPRA)lce01140899</subfield>
  </datafield>
  <datafield tag="043" ind1=" " ind2=" ">
    <subfield code="a">f-bs---</subfield>
  </datafield>
  <datafield tag="050" ind1="0" ind2=" ">
    <subfield code="a">TN799.7.B55</subfield>
    <subfield code="b">M37</subfield>
  </datafield>
  <datafield tag="100" ind1="1" ind2=" ">
    <subfield code="a">Massey, N. W. D.</subfield>
    <subfield code="6">A36222.1</subfield>
  </datafield>
  <datafield tag="245" ind1="1" ind2="0">
    <subfield code="a">Resources inventory of Botswana :</subfield>
    <subfield code="b">industrial rocks and minerals /</subfield>
    <subfield code="c">N. W. D. Massey.</subfield>
  </datafield>
  <datafield tag="260" ind1=" " ind2=" ">
    <subfield code="a">Lobatse :</subfield>
    <subfield code="b">Geological Survey Dept.,</subfield>
    <subfield code="c">[1973]</subfield>
  </datafield>
  <datafield tag="490" ind1="1" ind2=" ">
    <subfield code="a">Mineral resources report ; no. 3</subfield>
  </datafield>
  <datafield tag="500" ind1=" " ind2=" ">
    <subfield code="a">Cover title.</subfield>
  </datafield>
  <datafield tag="504" ind1=" " ind2=" ">
    <subfield code="a">Bibliography: p. 36-39.</subfield>
  </datafield>
  <datafield tag="650" ind1=" " ind2="0">
    <subfield code="a">Nonmetallic minerals -- Botswana.</subfield>
    <subfield code="z">Nonmetallic minerals -- Botswana.</subfield>
    <subfield code="6">S28344.1</subfield>
  </datafield>
  <datafield tag="650" ind1=" " ind2="0">
    <subfield code="a">Building stones -- Botswana.</subfield>
    <subfield code="z">Building stones -- Botswana.</subfield>
    <subfield code="6">S28345.1</subfield>
  </datafield>
  <datafield tag="830" ind1=" " ind2="0">
    <subfield code="a">Mineral resources report (Lobatse) ;</subfield>
    <subfield code="v">no. 3.</subfield>
    <subfield code="6">S5961.1</subfield>
  </datafield>
  <datafield tag="949" ind1=" " ind2=" ">
    <subfield code="a">TN799.7.B55</subfield>
    <subfield code="w">lcc</subfield>
    <subfield code="m">MAIN</subfield>
    <subfield code="t">BOOK</subfield>
    <subfield code="l">ON-SHELF</subfield>
  </datafield>
  <controlfield tag="004">75987</controlfield>
  <datafield tag="999" ind1=" " ind2=" ">
    <subfield code="c">58101</subfield>
    <subfield code="d">58101</subfield>
  </datafield>
</record>
